000 00518nam a2200169 i 4500
001 29176
003 ES-MaACL
005 20230906154003.0
007 t|
008 030121s1930 sp ||||1| spa d
100 1 _aBarbier, H.
_925453
245 1 0 _aTuberculosis infantil /
_cpor H. Barbier ; traducido... por... Jaime de Cádernas y Pastor.
260 _aMadrid, etc. :
_bEspasa-Calpe,
_c1930.
300 _a288 p. :
_bil. ;
_c24 cm.
700 1 _aCárdenas y Pastor, Jaime de.
_935155
852 _aES-MaACL
_jB-11561
999 _c29176
_d29176